000 00904nas a2200277 4500
001 BR2012006703
003 BR-BrBNA
005 20231205121140.0
007 ta
008 230509b bl.|||p| |||| 00| 00por d
040 _aBR-BrBNA
_bpor
_cBiblioteca Nacional de Agricultura
041 _a(Pt)
072 _aF60
100 1 _aBotrel, P.P.
100 1 _aPereira Pinto, J.E.B.
100 1 _aFerraz, V.
100 1 _aBertolucci, S.K.V.
100 1 _aFigueiredo, F.C.
245 1 _aTeor e composição química do óleo essencial de Hyptis marrubioides Epl., Lamiaceae em função da sazonalidade
650 _aÓLEO ESSENCIAL
650 _aCOMPOSIÇÃO QUÍMICA
650 _aPROPAGAÇÃO VEGETATIVA
773 0 _tActa Scientiarum. Agronomy (Brazil)
_xISSN 1679-9275
_g(Jul- Sep 2010), v. 32(3) p. 533-538
_wBR2012006703
909 _a202311
_bLúcia
_c55
_dLúcia Elande
942 _2AGRIS
_n0
_cANA
999 _c222057
_d222057